|
|
|
|
| LEADER |
00000nam a2200000 a 4500 |
| 001 |
vtls001078671 |
| 003 |
SK-MaSNL |
| 005 |
20260301111128.0 |
| 008 |
250414s1995 xo 0 slo |
| 015 |
|
|
|a SNBA1995/05
|
| 020 |
|
|
|a 8071410624
|q (brož.)
|
| 035 |
|
|
|a SNK000021506
|
| 040 |
|
|
|a SNK
|b slo
|c SNK
|e AACR2
|
| 041 |
0 |
|
|a slo
|
| 044 |
|
|
|a xo
|c SK
|
| 072 |
|
7 |
|a 27
|x Kresťanstvo. Kresťanská cirkev všeobecne. Ekleziológia
|2 konspekt
|
| 072 |
|
7 |
|a 27-5
|x Liturgia. Kresťanské umenie a symbolika. Duchovný život
|2 konspekt
|
| 080 |
|
|
|a 272-34
|2 2001
|
| 080 |
|
|
|a 27-36
|2 2001
|
| 080 |
|
|
|a 27-532.2/.4
|2 2001
|
| 080 |
|
|
|a (035)
|2 2001
|
| 245 |
0 |
0 |
|a Košickí mučeníci
|b pastoračná pomôcka
|c zostavil Peter Zahoránsky
|
| 260 |
|
|
|a Trnava
|b Dobrá kniha
|c 1995
|e Trnava
|f Tlačiareň Dobrej knihy
|
| 300 |
|
|
|a 40 s.
|c 21 cm
|
| 504 |
|
|
|a Bibliogr. odkazy
|
| 650 |
0 |
7 |
|a Svätí košickí mučeníci
|2 SNKPH
|9 77179
|
| 650 |
0 |
7 |
|a kresťanskí svätci
|2 SNKPH
|9 1605
|
| 650 |
0 |
7 |
|a pobožnosti
|2 SNKPH
|9 74904
|
| 650 |
0 |
7 |
|a Christian saints
|2 SNKPHeng
|9 282519
|
| 650 |
0 |
7 |
|a Devotions
|2 SNKPHeng
|9 304465
|
| 655 |
|
7 |
|a príručky
|2 SNKPH
|9 74364
|
| 655 |
|
7 |
|a Handbooks, manuals, etc.
|2 SNKPHeng
|9 90964
|
| 700 |
1 |
|
|a Zahoránsky, Peter,
|d 1950-
|4 edt
|9 450088
|
| 852 |
|
|
|a Slovenská národná knižnica
|
| 919 |
|
|
|a 80-7141-062-4
|
| 954 |
|
|
|a mučeníci košickí
|
| 958 |
|
|
|a APR
|
| 958 |
|
|
|a TL
|
| 958 |
|
|
|a BQ
|
| 999 |
|
|
|c 705669
|d 707599
|
| 952 |
|
|
|t P60, <04>, [BOOK], {604}
|a SNK
|b SNK
|y VYP
|7 0
|p 17A0079532
|o snkSC 88109 D1
|0 0
|1 0
|4 0
|d 1997-07-09
|l 0
|r 2004-12-31 00:00:00
|w 2026-02-23
|
| 952 |
|
|
|a SNK
|b SNK
|y PREZ
|7 0
|p 17A1013430
|o snkSC 88109
|0 0
|1 0
|4 0
|d 2013-05-30
|l 0
|r 2026-02-23 21:14:35
|w 2026-02-23
|